<?xml version="1.0" encoding="UTF-8"?>
<marc:record xmlns:marc="http://www.loc.gov/MARC21/slim">
   <marc:leader>00000nam a2200000 a 4500</marc:leader>
   <marc:datafield ind1="1" ind2=" " tag="100">
      <marc:subfield code="a">Lüdeke, Ulf</marc:subfield>
      <marc:subfield code="4">aut</marc:subfield>
      <marc:subfield code="e">Verfasser/-in</marc:subfield>
   </marc:datafield>
   <marc:datafield ind1=" " ind2=" " tag="653">
      <marc:subfield code="a">Hill</marc:subfield>
   </marc:datafield>
   <marc:datafield ind1=" " ind2=" " tag="653">
      <marc:subfield code="a">Terence</marc:subfield>
   </marc:datafield>
   <marc:datafield ind1=" " ind2=" " tag="653">
      <marc:subfield code="a">Softcover / Sachbücher/Musik</marc:subfield>
   </marc:datafield>
   <marc:datafield ind1=" " ind2=" " tag="653">
      <marc:subfield code="a">Film</marc:subfield>
   </marc:datafield>
   <marc:datafield ind1=" " ind2=" " tag="653">
      <marc:subfield code="a">Theater/Biographien</marc:subfield>
   </marc:datafield>
   <marc:datafield ind1=" " ind2=" " tag="653">
      <marc:subfield code="a">Autobiographien</marc:subfield>
   </marc:datafield>
   <marc:datafield ind1=" " ind2=" " tag="653">
      <marc:subfield code="a">Biografie</marc:subfield>
   </marc:datafield>
   <marc:datafield ind1=" " ind2=" " tag="653">
      <marc:subfield code="a">Biographie</marc:subfield>
   </marc:datafield>
   <marc:datafield ind1="0" ind2="0" tag="245">
      <marc:subfield code="a">Terence Hill</marc:subfield>
   </marc:datafield>
   <marc:datafield ind1="0" ind2="0" tag="245">
      <marc:subfield code="b">die exklusive Biografie</marc:subfield>
   </marc:datafield>
   <marc:datafield ind1="0" ind2="0" tag="245">
      <marc:subfield code="c">Ulf Lüdeke</marc:subfield>
   </marc:datafield>
   <marc:datafield ind1=" " ind2="1" tag="264">
      <marc:subfield code="a">München</marc:subfield>
      <marc:subfield code="b">Riva</marc:subfield>
      <marc:subfield code="c">2012</marc:subfield>
   </marc:datafield>
   <marc:datafield ind1=" " ind2=" " tag="250">
      <marc:subfield code="a">1. Aufl.</marc:subfield>
   </marc:datafield>
   <marc:datafield ind1="1" ind2=" " tag="520">
      <marc:subfield code="a">Angaben aus der Verlagsmeldung

Terence Hill : Die exklusive Biografie / von Ulf Lüdeke

Schüchtern und bescheiden – so beschreiben enge Freunde Mario Girotti alias Terence Hill. Deshalb ist über das Privatleben des Stars an Bud Spencers Seite auch nur wenig bekannt. So weiß kaum jemand von Hills Verbundenheit zu Deutschland, seiner Vorschulzeit in Lommatzsch bei Dresden und seiner Jugend, die er in Amelia, der umbrischen Geburtsstadt seines Vaters,und dann in Rom verbrachte. Hill lehnte aus Abneigung gegen maßlose Gewalt sogar die Rolle als »Rambo« ab – und verhalf damit Sylvester Stallone zu Weltruhm. Weitgehend unbekannt sind auch die Abgründe, die sich Terence Hill 1990 mit dem Unfalltod seines 16-jährigen Sohnes Ross
auftaten – eines Waisenjungen, den er 1973 drei Tage nach dessen Geburt in München mit Hilfe des Karl-May-Filmproduzenten und Freundes Horst Wendlandt adoptiert hatte. Ulf Lüdeke hat sich auf Hills Spuren begeben und bietet in diesem Buch erstmals unbekannte Einblicke in dessen Leben.
</marc:subfield>
   </marc:datafield>
   <marc:datafield ind1=" " ind2=" " tag="020">
      <marc:subfield code="a">9783868832037</marc:subfield>
      <marc:subfield code="9">9783868832037</marc:subfield>
   </marc:datafield>
   <marc:datafield ind1=" " ind2=" " tag="020">
      <marc:subfield code="a">3868832033</marc:subfield>
      <marc:subfield code="9">3868832033</marc:subfield>
   </marc:datafield>
   <marc:datafield ind1=" " ind2=" " tag="041">
      <marc:subfield code="a">ger</marc:subfield>
   </marc:datafield>
   <marc:datafield ind1=" " ind2=" " tag="300">
      <marc:subfield code="a">240 S.</marc:subfield>
   </marc:datafield>
</marc:record>
